| 000 | 00825nam a2200277Ia 4500 | ||
|---|---|---|---|
| 999 |
_c51299 _d51299 |
||
| 001 | 18268 | ||
| 003 | GE_BSU | ||
| 005 | 20230313102833.0 | ||
| 008 | 181216s2013||||fr |||||||||||||| ||fre|| | ||
| 020 | _a9782011558152 | ||
| 040 | _cGE_BSU | ||
| 080 | _a811.133.1P-82 | ||
| 100 |
_aPons, Sylvie _96564 |
||
| 245 |
_aAlter Ego Methode de Francais B1 : _bCahier d'activites / _cSylvie Pons, Pascale Trevisiol, A. Veillon Leroux. |
||
| 264 |
_aParis : _bHachette, _c2013. |
||
| 300 |
_a112 p. : _bill ; _c29cm. |
||
| 300 | _e+1CD | ||
| 541 | _h48 Gel. 45 T. | ||
| 653 | _aAlter Ego | ||
| 653 | _aMethode de Francais | ||
| 653 | _aგრამატიკა | ||
| 653 | _aფრანგული ენა | ||
| 700 |
_aTrevisiol, Pascale _eby _96560 |
||
| 700 |
_aVeillon Leroux, A. _eby _917177 |
||
| 942 |
_cBK _2udc |
||